Dog Breeds by ANY 3 Letters Quiz Stats

Quiz Updated Jan 4, 2015

Challenge
Share
Tweet
Embed
Score 0/184 Timer 04:00
25 Plays Today
AKC Dog Breed % Correct
Staffordshire Bull Terrier
97.4%
German Shorthaired Pointer
97.1%
German Wirehaired Pointer
97.1%
American Staffordshire Terrier
96.9%
American Water Spaniel
96.4%
Miniature Bull Terrier
96.4%
Spanish Water Dog
95.8%
Irish Water Spaniel
95.8%
Bull Terrier
95.7%
Yorkshire Terrier
95.6%
Greater Swiss Mountain Dog
95.5%
Airedale Terrier
95.4%
English Setter
94.7%
Irish Red and White Setter
94.6%
Otterhound
94.5%
Australian Terrier
94.5%
West Highland White Terrier
94.4%
Black Russian Terrier
94.2%
English Springer Spaniel
94.1%
Irish Terrier
94.1%
Irish Setter
93.9%
Border Terrier
93.8%
Scottish Terrier
93.7%
Dandie Dinmont Terrier
93.6%
Manchester Terrier
93.6%
Wire Fox Terrier
93.2%
Toy Fox Terrier
93.1%
Russell Terrier
93.1%
Cairn Terrier
93%
American English Coonhound
93%
Norfolk Terrier
93%
Norwich Terrier
93%
Boston Terrier
93%
Belgian Tervuren
93%
Portuguese Water Dog
92.9%
Welsh Terrier
92.9%
Lakeland Terrier
92.8%
Kerry Blue Terrier
92.8%
Smooth Fox Terriersmo
92.7%
Tibetan Terrier
92.7%
Bedlington Terrier
92.6%
Soft Coated Wheaten Terrier
92.5%
Italian Greyhound
92.4%
Welsh Springer Spaniel
92.4%
Parson Russell Terrier
92.3%
Cesky Terrier
92.3%
Rat Terrier
92.2%
Glen of Imaal Terrier
92.2%
Sealyham Terrier
92.1%
German Shepherd Dog
92.1%
Skye Terrier
92%
Silky Terrier
92%
Old English Sheepdog
91.7%
American Foxhound
91.7%
Gordon Setter
91.6%
French Bulldog
91.4%
Pointer
91%
Greyhound
91%
English Foxhound
90.3%
Belgian Sheepdog
89.9%
English Cocker Spaniel
89.6%
Polish Lowland Sheepdog
89.3%
AKC Dog Breed % Correct
Bulldog
88.9%
German Pinscher
88.9%
English Toy Spaniel
88.5%
Irish Wolfhound
88.3%
Basset Hound
88%
Icelandic Sheepdog
87.9%
Labrador Retriever
87.9%
Shetland Sheepdog
87.8%
Scottish Deerhound
87.5%
Australian Shepherd
87.4%
Black and Tan Coonhound
87%
Norwegian Elkhound
86.6%
Redbone Coonhound
85.5%
Treeing Walker Coonhound
85.4%
Cavalier King Charles Spaniel
85.2%
Doberman Pinscher
85.1%
Bluetick Coonhound
85%
Afghan Hound
84.9%
Bloodhound
84.3%
Clumber Spaniel
84.1%
Pharaoh Hound
83%
Schipperke
82.5%
Cocker Spaniel
82.5%
Ibizan Hound
82%
Bullmastiff
82%
Golden Retriever
81.9%
Anatolian Shepherd Dog
81.4%
Tibetan Spaniel
81.1%
Boykin Spaniel
80.1%
Chinese Shar-Pei
79.8%
Leonberger
79.5%
Nova Scotia Duck Tolling Retriever
79.4%
Pyrenean Shepherd
79.2%
Dogue de Bordeaux
79.1%
Japanese Chin
78.8%
Sussex Spaniel
78.3%
Field Spaniel
78.3%
Bergamasco
78.2%
Chinese Crested
78.2%
Miniature Pinscher
77.3%
Bearded Collie
75.9%
Chesapeake Bay Retriever
75.4%
American Eskimo Dog
74.3%
Siberian Husky
74.2%
Portuguese Podengo Pequeno
74.2%
Chinook
73.4%
Chihuahua
73.4%
Flat-Coated Retriever
73.4%
Curly-Coated Retriever
73%
Wirehaired Pointing Griffon
72.3%
Great Dane
72.3%
Belgian Malinois
72.2%
Poodle
71.2%
Border Collie
71.1%
Affenpinscher
71.1%
Petit Basset Griffon Vendeen
70.9%
Neapolitan Mastiff
69.5%
Great Pyrenees
68.9%
Australian Cattle Dog
67.9%
Standard Schnauzer
67.3%
Norwegian Buhund
66.3%
Norwegian Lundehund
66.3%
AKC Dog Breed % Correct
Spinone Italiano
65.7%
Miniature Schnauzer
65.6%
Dachshund
64.9%
Wirehaired Vizsla
64%
Cane Corso
62.6%
Tibetan Mastiff
62.4%
Bernese Mountain Dog
62.2%
Cardigan Welsh Corgi
60.5%
Giant Schnauzer
59.6%
Collie
59.1%
Pembroke Welsh Corgi
58.6%
Beauceron
58.2%
Beagle
57.9%
Dalmatian
57.9%
Alaskan Malamute
57.3%
St. Bernard
56.5%
Finnish Lapphund
55.7%
Newfoundland
55.6%
Mastiff
55.3%
South African Boerboel
55.2%
Shih Tzu
53.7%
Finnish Spitz
53.5%
Rottweiler
53.5%
Shiba Inu
53.3%
Swedish Vallhund
53.3%
Brussels Griffon
53.1%
Maltese
53%
Entlebucher Mountain Dog
52.5%
Bouvier des Flandres
52.3%
Pomeranian
51.2%
Bichon Frise
50.9%
Pekingese
48.6%
Akita
47.4%
Basenji
45.8%
Borzoi
43.7%
Canaan Dog
43.2%
Weimaraner
42.7%
Rhodesian Ridgeback
41.7%
Pug
40.2%
Chow Chow
39.3%
Brittany
37.8%
Whippet
37%
Boxer
36.6%
Briard
36.5%
Havanese
34.9%
Harrier
32.2%
Keeshond
31.2%
Lowchen
27.9%
Papillon
27.3%
Coton de Tulear
27.1%
Komondor
24.4%
Lhasa Apso
21.2%
Cirneco dell’Etna
20.4%
Samoyed
19%
Vizsla
18.4%
Plott
17.5%
Xoloitzcuintli
16.4%
Puli
16.3%
Saluki
16.2%
Kuvasz
9.7%

You're not logged in!

Compare scores with friends on all Sporcle quizzes.
Join for Free
OR
Log In

You Might Also Like...

Show Comments

Extras

Top Quizzes Today


Score Distribution

Your Account Isn't Verified!

In order to create a playlist on Sporcle, you need to verify the email address you used during registration. Go to your Sporcle Settings to finish the process.

Report this User

Report this user for behavior that violates our Community Guidelines.

Details: